Ekonomika rozvoja podniku Zbierka príkladov

Gespeichert in:
Bibliographische Detailangaben
1. Verfasser: Feješová, Katarína
Format: Buch
Sprache:Slowakisch
Veröffentlicht: Košice Technická univerzita 1992
Ausgabe:1. vyd.
Schlagworte:
Tags: Tag hinzufügen
Keine Tags, Fügen Sie das erste Tag hinzu!

MARC

LEADER 00000nam a2200000 4500
001 c001681
005 20221214085533.6
020 |a 80-7099-144-5 
041 0 |a slo 
044 |a SK 
245 1 0 |a Ekonomika rozvoja podniku  |b Zbierka príkladov  |c Katarína Feješová 
250 |a 1. vyd. 
264 1 |a Košice  |b Technická univerzita  |c 1992 
300 |a 115 s. 
610 2 0 |a podnik strojársky 
610 2 0 |a priemysel strojársky 
610 2 0 |a metódy optimalizačné 
610 2 0 |a programy výrobné 
610 2 0 |a výroba strojárska 
610 2 0 |a efektívnosť ekonomická 
610 2 0 |a výrobky 
610 2 0 |a kvalita výrobkov 
610 2 0 |a metóda štvorcov najmenších 
100 1 |a Feješová, Katarína